[Event "Lovsprings op 11th D"]
[Site "Ringsted"]
[Date "2000.05.12"]
[Round "7"]
[White "Nielsen, Bo"]
[Black "Janbazi, Farzad"]
[Result "1/2-1/2"]
[WhiteElo "1227"]
[BlackElo "1039"]
[PlyCount "124"]
[EventDate "2000.03.24"]
[EventType "swiss"]
[EventRounds "7"]
[EventCountry "DEN"]
[SourceTitle "EXT 2023"]
[Source "ChessBase"]
[SourceDate "2022.10.05"]
[SourceVersion "1"]
[SourceVersionDate "2022.10.05"]
[SourceQuality "1"]

1. d4 b6 2. e4 Bb7 3. c4 Bxe4 4. Qe2 d5 5. Nc3 Nf6 6. f3 Bg6 7. cxd5 Nxd5 8. Qc4 e6 9. Qa4+ c6 10. Nxd5 exd5 11. Ba6 b5 12. Bxb5 cxb5 13. Qxb5+ Nd7 14. Ne2 Be7 15. 0-0 0-0 16. Qxd5 Bd3 17. Rf2 Bxe2 18. Rxe2 Bf6 19. Bf4 Re8 20. Rae1 Rxe2 21. Rxe2 Nb6 22. Qxd8+ Rxd8 23. Be5 Bxe5 24. Rxe5 Nc4 25. Re7 a5 26. Ra7 Nxb2 27. Rxa5 Rc8 28. d5 Nd3 29. h4 h5 30. Kh2 Kf8 31. d6 Ke8 32. Ra7 Nc5 33. Re7+ Kd8 34. Rxf7 g6 35. Rg7 Ne6 36. Rxg6 Kd7 37. Rh6 Kxd6 38. Rxh5 Ra8 39. Rh6 Rxa2 40. f4 Ke7 41. Kg3 Ng7 42. Kh3 Kf7 43. g3 Nf5 44. Rh5 Kg6 45. Rg5+ Kf6 46. h5 Ne7 47. h6 Ng6 48. Kg4 Kf7 49. h7 Ra8 50. Kh5 Nh8 51. Rg8 Rxg8 52. hxg8Q+ Kxg8 53. f5 Kf7 54. Kh6 Kf6 55. g4 Nf7+ 56. Kh5 Nh8 57. Kh4 Nf7 58. Kg3 Nh6 59. Kf4 Nf7 60. Ke4 Nh6 61. Kf3 Nxf5 62. gxf5 Kxf5 1/2-1/2

[Event "Lovsprings op 11th D"]
[Site "Ringsted"]
[Date "2000.03.24"]
[Round "1"]
[White "Andersen, Jorgen Brix"]
[Black "Nielsen, Bo"]
[Result "0-1"]
[WhiteElo "1104"]
[BlackElo "1227"]
[PlyCount "76"]
[EventDate "2000.03.24"]
[EventType "swiss"]
[EventRounds "7"]
[EventCountry "DEN"]
[SourceTitle "EXT 2023"]
[Source "ChessBase"]
[SourceDate "2022.10.05"]
[SourceVersion "1"]
[SourceVersionDate "2022.10.05"]
[SourceQuality "1"]

1. e4 c6 2. Nf3 d5 3. Nc3 dxe4 4. Nxe4 Nd7 5. Bc4 Ngf6 6. Nxf6+ Nxf6 7. d3 e6 8. Bg5 Be7 9. 0-0 Ng4 10. Bxe7 Qxe7 11. h3 Nf6 12. Re1 0-0 13. a3 Re8 14. Ne5 Nd7 15. Qg4 Nxe5 16. Rxe5 f6 17. Re3 Kh8 18. Rae1 e5 19. Qh5 Be6 20. Bxe6 Qxe6 21. d4 g6 22. Qf3 Rad8 23. dxe5 f5 24. Rd3 Rxd3 25. Qxd3 Qd5 26. Qxd5 cxd5 27. f4 Kg7 28. Kf2 Kf7 29. Re3 Rc8 30. Rc3 Rxc3 31. bxc3 b5 32. Ke3 h6 33. Kd4 Ke6 34. g3 g5 35. Kc5 h5 36. Kxb5 h4 37. gxh4 gxf4 38. h5 f3 0-1

[Event "Lovfalds 11th D"]
[Site "Ringsted"]
[Date "1997.09.19"]
[Round "1"]
[White "Nielsen, Bo"]
[Black "Christensen, Henrik Baek"]
[Result "1-0"]
[WhiteElo "1155"]
[BlackElo "1322"]
[PlyCount "109"]
[EventDate "1997.09.19"]
[EventType "swiss"]
[EventRounds "5"]
[EventCountry "DEN"]
[SourceTitle "EXT 2023"]
[Source "ChessBase"]
[SourceDate "2022.10.05"]
[SourceVersion "1"]
[SourceVersionDate "2022.10.05"]
[SourceQuality "1"]

1. d4 Nf6 2. c4 e6 3. Nc3 d5 4. Bg5 Be7 5. Nf3 dxc4 6. e3 Nd5 7. Bxe7 Qxe7 8. Qa4+ Qd7 9. Qxc4 Qc6 10. Ne5 Qxc4 11. Bxc4 Nxc3 12. bxc3 Nd7 13. Nxd7 Bxd7 14. 0-0 0-0 15. Rab1 b6 16. Rfd1 c6 17. e4 Rac8 18. Bb3 Rfd8 19. c4 c5 20. d5 exd5 21. exd5 Bf5 22. Rbc1 Rd6 23. Rc3 Re8 24. Re3 Rxe3 25. fxe3 Bg4 26. Re1 f6 27. h3 Bd7 28. a4 a6 29. g4 b5 30. axb5 axb5 31. Ra1 bxc4 32. Bxc4 Rb6 33. Ra5 Rb1+ 34. Kf2 Rb2+ 35. Kf3 Rh2 36. Kg3 Rc2 37. Rxc5 Kf8 38. d6 Ke8 39. Rc7 Rd2 40. Bf7+ Kd8 41. Ra7 Rxd6 42. Bg8 h6 43. Bh7 Re6 44. e4 Re7 45. Bf5 Bxf5 46. Rxe7 Kxe7 47. gxf5 Kd6 48. Kf4 Kc5 49. e5 Kd5 50. e6 Kd6 51. Ke4 g6 52. fxg6 Kxe6 53. h4 f5+ 54. Kf4 Kd7 55. g7 1-0

[Event "Lovsprings op 06th F"]
[Site "Ringsted"]
[Date "1994.03.27"]
[Round "1"]
[White "Dinesen, Henrik"]
[Black "Nielsen, Bo"]
[Result "0-1"]
[WhiteElo "1198"]
[BlackElo "1200"]
[PlyCount "80"]
[EventDate "1994.03.27"]
[EventType "swiss"]
[EventRounds "7"]
[EventCountry "DEN"]
[SourceTitle "EXT 2023"]
[Source "ChessBase"]
[SourceDate "2022.10.05"]
[SourceVersion "1"]
[SourceVersionDate "2022.10.05"]
[SourceQuality "1"]

1. d4 d5 2. Nf3 Nf6 3. c4 Nc6 4. cxd5 Nxd5 5. e4 Nb6 6. Nc3 Bg4 7. Be2 Bxf3 8. Bxf3 Qxd4 9. Qxd4 Nxd4 10. 0-0 Nxf3+ 11. gxf3 c6 12. Bf4 e6 13. Rfd1 Be7 14. Bd6 Nc4 15. Bxe7 Kxe7 16. b3 Ne5 17. Kg2 Rhd8 18. f4 Ng4 19. h3 Nh6 20. Kf3 g6 21. Ne2 Rd7 22. Rxd7+ Kxd7 23. Rd1+ Kc7 24. Ke3 Rd8 25. Rxd8 Kxd8 26. Kd4 Kc7 27. Nc3 Kd6 28. b4 f5 29. e5+ Kc7 30. b5 Kb6 31. bxc6 Kxc6 32. Kc4 a6 33. a4 Ng8 34. Ne2 b5+ 35. axb5+ axb5+ 36. Kb4 Ne7 37. Nd4+ Kd5 38. Nxb5 Nc6+ 39. Kc3 Ke4 40. Nc7 Nd8 0-1